Big Bird brings spring to Sesame Street / (Record no. 1155)

MARC details
000 -LEADER
fixed length control field 01254nam a2200325 a 4500
005 - DATE AND TIME OF LATEST TRANSACTION
control field 20231103133727.0
020 ## - INTERNATIONAL STANDARD BOOK NUMBER
International Standard Book Number 033500712005
040 ## - CATALOGING SOURCE
Original cataloging agency DLC
Transcribing agency DLC
Modifying agency DLC
Language of cataloging eng
050 00 - LIBRARY OF CONGRESS CALL NUMBER
Classification number PZ7.S9819
082 00 - DEWEY DECIMAL CLASSIFICATION NUMBER
Classification number 813.54
100 1# - MAIN ENTRY--PERSONAL NAME
Personal name Swindler, Lauren Collier.
245 10 - TITLE STATEMENT
Title Big Bird brings spring to Sesame Street /
Statement of responsibility, etc. by Lauren Collier Swindler ; illustrated by Marsha Winborn ; featuring Jim Henson's Sesame Street Muppets.
260 ## - PUBLICATION, DISTRIBUTION, ETC.
Place of publication, distribution, etc. [New York] :
Name of publisher, distributor, etc. Western Publishing Company, Inc.,
Date of publication, distribution, etc. 1985.
300 ## - PHYSICAL DESCRIPTION
Extent 23 unnumbered page:
Dimensions 20 cm
490 0# - SERIES STATEMENT
Series statement A Little golden book
500 ## - GENERAL NOTE
General note "Created in cooperation with the Children's Television Workshop."
500 ## - GENERAL NOTE
General note "A Sesame Street/Golden Press book."
505 ## - FORMATTED CONTENTS NOTE
Formatted contents note I <br/>
520 ## - SUMMARY, ETC.
Summary, etc. Big Bird plans to brighten up the dreary winter scenery along Sesame Street with the six flowers he has bought, but each friend he meets seems to need cheering up more than he does.
521 ## - TARGET AUDIENCE NOTE
Target audience note 450 <br/>
Source Lexile <br/>
521 ## - TARGET AUDIENCE NOTE
Target audience note I <br/>
Source Raz-Plus <br/>
650 #1 - SUBJECT ADDED ENTRY--TOPICAL TERM
Topical term or geographic name entry element Flowers
General subdivision Fiction.
650 #1 - SUBJECT ADDED ENTRY--TOPICAL TERM
Topical term or geographic name entry element Winter
General subdivision Fiction.
650 #1 - SUBJECT ADDED ENTRY--TOPICAL TERM
Topical term or geographic name entry element Puppets
General subdivision Fiction.
700 1# - ADDED ENTRY--PERSONAL NAME
Personal name Winborn, Marsha,
Relator term illustrator.
700 1# - ADDED ENTRY--PERSONAL NAME
Personal name Henson, Jim.
906 ## - LOCAL DATA ELEMENT F, LDF (RLIN)
a 7
b cbc
c orignew
d 2
e opcn
f 19
g y-gencatlg
942 ## - ADDED ENTRY ELEMENTS (KOHA)
Source of classification or shelving scheme Dewey Decimal Classification
Koha item type Books
Suppress in OPAC No
999 ## -
-- 1155
-- 1155
Holdings
Withdrawn status Lost status Source of classification or shelving scheme Damaged status Not for loan Collection Home library Current library Shelving location Date acquired Total Checkouts Full call number Barcode Date last seen Date last checked out Copy number Price effective from Koha item type
    Dewey Decimal Classification     Juvenile Fiction Footprints International School Library Network Toul Kork Campus Footprints International School Library Network Toul Kork Campus   11/03/2023 1 SWI 813.54 PZ7.S9819 FISBK00175 03/04/2024 02/26/2024 2 08/04/2023 Books
    Dewey Decimal Classification     Juvenile Fiction Footprints International School Library Network Toul Kork Campus Footprints International School Library Network Toul Tom Poung Campus   08/04/2023 4 SWI 813.54 PZ7.S9819 FISBK00176 05/23/2025 04/04/2025 1 08/04/2023 Books